É preciso lutar! (Record no. 69477)

MARC details
000 -LÍDER
campo de controle de tamanho fixo 00364 a2200169 4500
001 - NÚMERO DE CONTROLE
campo de controle 69477
020 ## - ISBN - INTERNATIONAL STANDARD BOOK NUMBER
ISBN - International Standard Book Number 853220029X
040 ## - FONTE DA CATALOGAÇÃO
Instituição que transcreveu o registro Anchieta - Itaigara
100 ## - ENTRADA PRINCIPAL--NOME PESSOAL
Nome pessoal Kupstas, Marcia
240 10 - TÍTULO UNIFORME
Título uniforme É preciso lutar!
Idioma da obra por
245 10 - TÍTULO
Título É preciso lutar!
300 ## - DESCRIÇÃO FÍSICA
Extensão 101
362 0# - DATAS DE PUBLICAÇÃO E/OU DESIGNAÇÃO SEQUENCIAL
Datas de publicação e/ou designação sequencial 1998
440 #1 - DECLARAÇÃO DE SÉRIE/ENTRADA ADICIONADA--TÍTULO
Título FTD
650 #4 - ASSUNTO--TERMO TÓPICO
Cabeçalho tópico ou nome geográfico Literatura infanto-juvenil
942 ## - ELEMENTOS DE ENTRADA ADICIONADOS (KOHA)
Tipo de material Koha Livros
Holdings
Situação do descarte Situação das perdas Situação física Não pode ser emprestado Biblioteca de origem Biblioteca atual Data de aquisição Total de empréstimos Número de chamada completo Código de barras Data de último acesso Data do preço efetivo Tipo de material Koha Fonte da classificação ou esquema de arquivamento na estante Nota pública Número do exemplar
        Colégio São Paulo Colégio São Paulo 21/11/2023   028.5 KUP É P 1828/ITA 21/11/2023 21/11/2023 Livros      
        Novo Tempo - Aureliano São José Novo Tempo - Aureliano São José 02/05/2024     nt72 02/05/2024 02/05/2024 Livros Classificação Decimal de Dewey Estante Branca  
        Novo Tempo - Aureliano São José Novo Tempo - Aureliano São José 02/05/2024     nt95 02/05/2024 02/05/2024 Livros Classificação Decimal de Dewey Estante Branca  
        Novo Tempo - Aureliano São José Novo Tempo - Aureliano São José 02/05/2024     nt96 02/05/2024 02/05/2024 Livros Classificação Decimal de Dewey Estante Branca 3
        Novo Tempo - Aureliano São José Novo Tempo - Aureliano São José 02/05/2024     nt97 02/05/2024 02/05/2024 Livros Classificação Decimal de Dewey Estante Branca 4